000 01385 a2200229 4500
001 25317
005 20260407155537.0
008 260407a2007 arg spa d
003 AR-UNSa-BCEJYS
040 _aAR-UNSa-BCEJYS
_bspa
_cAR-UNSa-BCEJYS
080 _a174:65
_xEtica en gestión y organización de la industria (Responsabilidad Social Empresaria)
245 1 0 _aCapital social y valores en la organización sustentable
_pel deber ser, poder hacer y la voluntad creativa
020 _a978-950-641-513-6
264 1 _aBuenos Aires :
_bGranica
_c2007
300 _axxiii, 423 p.
_c22 cm.
505 _a1. Filosofía de gestión en organizaciones - 2. La realidad, armonías y disonancias - 3. Desarrollo con equidad - 4. La voluntad creativa - 5. Gerencia social - 6. Base ideológica y consenso - 7. Compromiso y confiabilidad - 8. Las imágenes compartidas - 9. Comunicación y credibilidad - 10. Lenguaje y significación - 11. Clima de trabajo y subjetivación - 12. Cultura de empresa y valores - 13. Cultura, colaboración y creatividad - 14. Capital social - 15. Valores sociales - 16. El potencial ético de la organización
041 _aspa
942 _cBK
590 _aniveau_biblio:m niveau_hierar:0
100 1 _aEtkin, Jorge Ricardo
856 4 1 _uhttps://biblioeco.unsa.edu.ar/pmb/images/libros/Capital social y valores (2007).jpg
_yImagen de portada
_qimage/jpeg
999 _c1361
_d1361